000 00607nam a22002177a 4500
003 UA-OsUOA
001 41855
007 ta
008 20061016b un ||||| |||| 00| 0 ukr d
090 _a34(094.4):346.9(477)
_bУ45
942 _cBK
040 _aUA-OsUOA
_bukr
_cUA-OsUOA
_dUA-OsUOA
245 _aКодекс законів про працю України
300 _a160 с.
955 _a2
041 _aukr
080 _a34(094.4):346.9(477)
260 _aК.
_bВидавничий Дім "Ін Юре"
_c2004
650 7 _a34 Право. Юриспруденція
_2UDC
999 _c327986
_d327986